000 00643nam a2200205 4500
003 OSt
005 20240726005304.0
006 a
008 240726b |||||||| |||| 00| 0 eng d
020 _a9780763758455
040 _aDWCL-Main lib.
_cOC
082 _aCirc. 610.73 Ul45p 2009
100 _aUlrich, Susan
245 _aPrecepting in nursing: developing an effective workforce /
260 _aBoston :
_bJones and Bartlett Pub. ,
_cc2009.
300 _axx,
_b236 p. ;
_c28 cm.
504 _aIncludes bibliographical references & index.
650 _a1. Nursing-Study and teaching (Preceptorship).
942 _2ddc
_n0
_cBK-CIRC
_kCirc.
999 _c2764
_d2764